000 02565cam a22005654i 4500
003 PE-LiUPU
005 20250929154711.0
008 150623s1998 cl a rb 000 0 spa d
020 _a9562780597
020 _a9789562780599
035 _a(Sirsi) i9789562780599
040 _aPE-LiUPU
_bspa
_cPE-LiUPU
_erda
049 _aPRUA
082 0 4 _a574.8
_bJ891998
_221
100 1 _aJunquira, Luiz C.,
_eautor.
245 1 0 _aBiología celular y molecular /
_cLuiz C. Junqueira.
250 _aSexta edición.
264 1 _aSantiago, Chile :
_bMcGraw Hill Interamericana,
_c1998.
300 _a324 páginas :
_bilustraciones ;
_c28 centímetros
336 _atext
_2rdacontent
337 _aunmediated
_2rdamedia
338 _avolume
_2rdacarrier
504 _aIncluye bibliografía.
505 0 _aUna vista panorámica sobre la estructura, funciones y evolución de las células -- Tecnología de la biología celular y molecular: algunos ejemplos -- Bases macromoleculares de la constitución celular -- Transformación y almacenamiento de energía -- Membrana plasmática. Digestión intracelular -- Comunicaciones celulares por medio de señales químicas -- Bases moleculares del citoesqueleto y de los movimientos celulares -- Almacenamiento de la información genética -- Función genética -- Síntesis de macromoléculas -- División de trabajo entre las células-matriz nuclear -- La célula vegetal -- Células procariontes -- Mecanismos de regulación de las actividades celulares: como se originan algunas enfermedades -- Los virus y sus relaciones con las células.
526 _aSEG44
526 _aSEG26
526 _aP159
526 _aP155
526 _aP154
526 _aP153
526 _aP150
526 _aP100
526 _aP31
526 _aP30
526 _aP26
526 _aP25
526 _aP24
526 _aP22
526 _aP15
526 _aP10
650 0 0 _aCitología.
_9680
700 1 _aCarneiro, José,
_eautor.
910 _adbm
_bncf
_cncf
_d20190611
942 _2ddc
_cBOOK
949 _a574.8 J89 1998
_wDEWEY
_c1
_i46287
_d2016-5-23
_e2016-5-22
_lCCODEBUL1
_mBUL
_n3
_r0
_sY
_tBOOK
_u2015-6-24
_xSALUD
_zUNKNOWN
_0COMPRA
_o.STAFF. Colección Ciencias de la Salud
994 _aC0
_bPEPRU
596 _a1
999 _a574.8 J89 1998
_wDEWEY
_c23065
_i46287
_d23065
_e2022-5-19
_f2021-11-5
_g5
_lCCODEBUL1
_mBUL
_n12
_p34.00
_q9
_r0
_sY
_tBOOK
_u2015-6-24
_xBIBLIOTECA
_PP30
_0COMPRA
_o.STAFF. Colección Ciencias de la Salud
980 _818226
_gJaime Vilcazán Jefe de Análisis Documental